Bytový dom v Sáse

Gespeichert in:
Bibliographische Detailangaben
1. Verfasser: Németh, Márk László (Verfasst von)
Weitere Verfasser: Makýš, Oto (Betreuung Doktorarbeit)
Format: Manuskript Buch
Sprache:Slowakisch
Veröffentlicht: 2022
Schlagworte:
Online-Zugang:http://is.stuba.sk/zp/portal_zp.pl?podrobnosti=149847
https://opac.crzp.sk/?fn=detailBiblioForm&sid=A68E927B0776E61A8B5F93111187
Tags: Tag hinzufügen
Keine Tags, Fügen Sie das erste Tag hinzu!

MARC

LEADER 00000ntm a22000003a 4500
001 stuzp83053
003 SK-STU
005 20230515103742.5
007 ta
008 150427s2015----xo-----f-mn---000-0-slo-d
040 |a STU  |b slo 
041 0 |a slo 
100 1 |a Németh, Márk László  |u 010270  |4 aut  |U SvF Stavebná fakulta  |T SvF Katedra technológie stavieb  |X 98221  |U V270  |Y 28  |7 98221 
242 0 1 |a Dwelling House in Sása  |y eng 
245 1 0 |a Bytový dom v Sáse 
260 |c 2022 
650 4 |a Sadrokartón  |2 slo 
650 4 |a POV  |2 slo 
650 4 |a Projekt oragnizácie výstavby  |2 slo 
650 4 |a Plasterboard  |2 eng 
650 4 |a Project of the organization of construction  |2 eng 
650 4 |a POV  |2 eng 
700 1 |a Makýš, Oto  |u 010270  |k Z1  |4 ths  |U SvF Stavebná fakulta  |T SvF Katedra technológie stavieb  |X 832  |U V270  |Y 28  |7 A000000832 
856 4 |u http://is.stuba.sk/zp/portal_zp.pl?podrobnosti=149847 
856 4 |u https://opac.crzp.sk/?fn=detailBiblioForm&sid=A68E927B0776E61A8B5F93111187